[Event "2. Bundesliga West 2012/13"]
[Site "Rum"]
[Date "2012.12.01"]
[Round "5"]
[Board "6"]
[White "Kroell, Johannes"]
[Black "Vlasak, Reinhard"]
[Result "1-0"]
[WhiteElo "2205"]
[BlackElo "2053"]
[PlyCount "85"]
[EventDate "2012.10.05"]
[EventType "team"]
[EventRounds "11"]
[EventCountry "AUT"]
[WhiteTeam "Zillertal"]
[BlackTeam "ASK 1"]

1. Nc3 d5 2. e3 Nf6 3. d4 c6 4. f4 Bf5 5. Nf3 Ne4 6. Bd3 Nxc3 7. bxc3 Bxd3 8.
cxd3 e6 9. Rb1 Qc7 10. O-O Be7 11. Qb3 b6 12. e4 O-O 13. c4 Nd7 14. Bd2 Rad8
15. Rbe1 Nf6 16. e5 Ne8 17. g4 c5 18. Rc1 dxc4 19. Rxc4 Qb8 20. dxc5 Bxc5+ 21.
d4 Be7 22. Qc2 Qb7 23. Ng5 g6 24. a4 Rd7 25. Ne4 Rc7 26. Rxc7 Nxc7 27. f5 Nd5
28. f6 Bb4 29. Rc1 Rd8 30. Bh6 Bf8 31. Bxf8 Kxf8 32. Nd6 Qa6 33. Qd2 Nxf6 34.
Qh6+ Ke7 35. Qg5 Rf8 36. Rc7+ Kd8 37. Rc8+ Kd7 38. Rxf8 Qe2 39. Rxf7+ Kc6 40.
Qc1+ Kd5 41. Rxf6 Qxg4+ 42. Kh1 Qxd4 43. Qc4+ 1-0

[Event "2. Bundesliga West 2012/13"]
[Site "Rum"]
[Date "2012.12.01"]
[Round "5"]
[Board "1"]
[White "Zelcic, Robert"]
[Black "Koepke, Christian"]
[Result "1-0"]
[WhiteElo "2554"]
[BlackElo "2364"]
[PlyCount "51"]
[EventDate "2012.10.05"]
[EventType "team"]
[EventRounds "11"]
[EventCountry "AUT"]
[WhiteTeam "Schwarzach"]
[BlackTeam "Kufstein / Woergl"]

1. e4 c5 2. Nf3 d6 3. d4 cxd4 4. Qxd4 a6 5. Be2 Nc6 6. Qe3 Nf6 7. O-O g6 8. h3
Bg7 9. c4 O-O 10. Nc3 Nd7 11. b3 Nc5 12. Bb2 b6 13. Rfd1 Bb7 14. Rab1 e6 15.
Na4 Qc7 16. Bxg7 Kxg7 17. Nc3 Rfd8 18. Rd2 Rac8 19. Rbd1 Ba8 20. Qf4 Nb7 21.
Qg3 Ne5 22. Nd4 Nc5 23. Qe3 Qb8 24. f4 Nc6 25. Nxc6 Bxc6 26. b4 1-0

[Event "2. Bundesliga West 2012/13"]
[Site "Rum"]
[Date "2012.12.01"]
[Round "5"]
[Board "2"]
[White "Bertagnolli, Alexander"]
[Black "Hecht, Hans-Joachim"]
[Result "1/2-1/2"]
[WhiteElo "2352"]
[BlackElo "2357"]
[PlyCount "60"]
[EventDate "2012.10.05"]
[EventType "team"]
[EventRounds "11"]
[EventCountry "AUT"]
[WhiteTeam "Kufstein / Woergl"]
[BlackTeam "Schwarzach"]

1. e4 e6 2. b3 c5 3. Bb2 Nc6 4. Nf3 d6 5. d4 cxd4 6. Nxd4 Nf6 7. Nxc6 bxc6 8.
e5 Ne4 9. Bd3 Qa5+ 10. Nd2 Nxd2 11. Qxd2 Qxd2+ 12. Kxd2 d5 13. c4 Bb4+ 14. Ke2
Ba6 15. Rac1 O-O-O 16. a3 dxc4 17. bxc4 Bc5 18. Be4 Bd4 19. Bc3 Bxc4+ 20. Kf3
Bb6 21. Ba5 Bd5 22. Bxb6 axb6 23. Bxd5 Rxd5 24. Rxc6+ Kb7 25. Rhc1 Rd7 26. R1c3
Ra8 27. Ke3 Ra5 28. f4 h5 29. g3 g6 30. h3 Rad5 1/2-1/2

[Event "2. Bundesliga West 2012/13"]
[Site "Rum"]
[Date "2012.12.01"]
[Round "5"]
[Board "3"]
[White "Mikulic, Oliver"]
[Black "Maurer, Jochen"]
[Result "0-1"]
[WhiteElo "2128"]
[BlackElo "2286"]
[PlyCount "128"]
[EventDate "2012.10.05"]
[EventType "team"]
[EventRounds "11"]
[EventCountry "AUT"]
[WhiteTeam "Schwarzach"]
[BlackTeam "Kufstein / Woergl"]

1. e4 c5 2. Nf3 e6 3. c3 d5 4. e5 d4 5. cxd4 cxd4 6. Qa4+ Nc6 7. Bb5 Bd7 8. O-O
Nge7 9. Re1 a6 10. Bxc6 Bxc6 11. Qxd4 Bxf3 12. Qxd8+ Rxd8 13. gxf3 Nc6 14. Re4
Nd4 15. Nc3 Nxf3+ 16. Kg2 Nd4 17. d3 Nc2 18. Rb1 Rxd3 19. Rc4 Nb4 20. Bg5 Nc6
21. Ne4 Be7 22. Bxe7 Kxe7 23. f4 f6 24. b4 Rd5 25. a4 fxe5 26. b5 axb5 27. axb5
Nb8 28. Rc7+ Nd7 29. fxe5 Rxe5 30. Rd1 Rd5 31. Rdc1 b6 32. R1c6 Rxb5 33. h4 h6
34. Nd6 Rc5 35. Rxc5 bxc5 36. Nc4 Rd8 37. Kf3 Kf6 38. Ke4 g5 39. h5 Ne5 40. Nb6
Rd4+ 41. Ke3 Nc4+ 42. Nxc4 Rxc4 43. Rh7 Ke5 44. Rxh6 Rc3+ 45. Kd2 Rh3 46. Rh8
c4 47. h6 c3+ 48. Kc2 Kf4 49. h7 Kg4 50. Kb3 e5 51. Kc2 e4 52. Kb3 Kg3 53. Kxc3
g4 54. Kd4 e3 55. Kd3 Rh6 56. Ke2 Rh5 57. Kf1 Rh1+ 58. Ke2 Rh5 59. Kf1 Rh2 60.
Ke1 e2 61. Kd2 Kg2 62. Rg8 Rxh7 63. Rxg4+ Kf3 64. Rd4 Rh1 0-1

[Event "2. Bundesliga West 2012/13"]
[Site "Rum"]
[Date "2012.12.01"]
[Round "5"]
[Board "4"]
[White "Neuschmied, Siegfried"]
[Black "Ljubic, Juro"]
[Result "1/2-1/2"]
[WhiteElo "2239"]
[BlackElo "2193"]
[PlyCount "148"]
[EventDate "2012.10.05"]
[EventType "team"]
[EventRounds "11"]
[EventCountry "AUT"]
[WhiteTeam "Kufstein / Woergl"]
[BlackTeam "Schwarzach"]

1. e4 e6 2. d4 d5 3. Nd2 dxe4 4. Nxe4 Bd7 5. Nf3 Bc6 6. Bd3 Nd7 7. c3 Ngf6 8.
Ng3 Bd6 9. O-O Bxf3 10. Qxf3 c6 11. Re1 O-O 12. Ne4 Nxe4 13. Qxe4 Nf6 14. Qh4
g6 15. Bg5 Be7 16. Re3 Re8 17. Rg3 Nd5 18. f4 Bxg5 19. fxg5 h5 20. Rf3 Rc8 21.
Raf1 Rc7 22. h3 e5 23. dxe5 Rxe5 24. Qf2 Qe7 25. Qxa7 Qxg5 26. h4 Qd2 27. Rxf7
Rxf7 28. Qb8+ Kg7 29. Qxe5+ Rf6 30. Rxf6 Nxf6 31. Qe7+ Kg8 32. Qd8+ Kg7 33.
Qe7+ Kg8 34. Bc4+ Nd5 35. Qg5 Qe1+ 36. Kh2 Qe4 37. Bxd5+ cxd5 38. Qf6 b5 39.
Kg3 Qe1+ 40. Kh2 Qe4 41. a3 Kh7 42. Qd4 Qe1 43. b3 Qe6 44. a4 bxa4 45. bxa4 Qe7
46. Qf4 Qc5 47. Qe5 Qc4 48. Qd4 Qc6 49. Kg1 Qa6 50. Kf2 Qa5 51. Ke3 Qd8 52. Kd3
Qa5 53. Kc2 Qa6 54. Kb3 Qf1 55. g3 Qb1+ 56. Ka3 Qe1 57. a5 Qxg3 58. Qf6 Qd3 59.
a6 d4 60. Qf7+ Kh6 61. Qf4+ Kg7 62. Qc7+ Kh6 63. Qf4+ Kh7 64. Qxd4 Qxa6+ 65.
Kb4 Qa1 66. Qd7+ Kh6 67. Qd2+ Kh7 68. c4 Qb1+ 69. Kc5 Qf5+ 70. Qd5 Qc8+ 71. Kb6
Qb8+ 72. Ka6 Qc8+ 73. Kb6 Qb8+ 74. Ka6 Qc8+ 1/2-1/2

[Event "2. Bundesliga West 2012/13"]
[Site "Rum"]
[Date "2012.12.01"]
[Round "5"]
[Board "5"]
[White "Stoeckl, Norbert"]
[Black "Rusche, Johannes"]
[Result "0-1"]
[WhiteElo "2057"]
[BlackElo "2220"]
[PlyCount "80"]
[EventDate "2012.10.05"]
[EventType "team"]
[EventRounds "11"]
[EventCountry "AUT"]
[WhiteTeam "Schwarzach"]
[BlackTeam "Kufstein / Woergl"]

1. e4 e5 2. Nf3 Nc6 3. Bb5 a6 4. Ba4 Nge7 5. O-O g6 6. c3 Bg7 7. d3 O-O 8. Nbd2
b5 9. Bb3 Na5 10. Bc2 c5 11. a3 Nac6 12. b4 cxb4 13. axb4 d5 14. Nb3 d4 15. Bd2
Qd6 16. Qe1 Bg4 17. Nh4 Be6 18. Nc5 dxc3 19. Bxc3 Nd4 20. Bxd4 exd4 21. f4 Bc8
22. Bb3 Ra7 23. h3 Qb6 24. g4 Nc6 25. f5 Ne5 26. g5 Rd8 27. Qg3 Qd6 28. Rac1
Rc7 29. Ng2 a5 30. Bd5 axb4 31. Nb3 Rc3 32. Nf4 gxf5 33. Rxc3 bxc3 34. Nh5 Be6
35. Nf6+ Kh8 36. Kh1 Bxf6 37. gxf6 Rg8 38. Qf4 Bxd5 39. Nxd4 Bxe4+ 40. dxe4
Qxd4 0-1

[Event "2. Bundesliga West 2012/13"]
[Site "Rum"]
[Date "2012.12.01"]
[Round "5"]
[Board "6"]
[White "Kranewitter, Norbert"]
[Black "Hajdarevic, Dino"]
[Result "0-1"]
[WhiteElo "2074"]
[BlackElo "2044"]
[PlyCount "82"]
[EventDate "2012.10.05"]
[EventType "team"]
[EventRounds "11"]
[EventCountry "AUT"]
[WhiteTeam "Kufstein / Woergl"]
[BlackTeam "Schwarzach"]

1. Nf3 d5 2. d4 Nf6 3. c4 e6 4. g3 dxc4 5. Bg2 Nc6 6. O-O Rb8 7. e3 b5 8. Qe2
Be7 9. Rd1 O-O 10. Ne5 Nxe5 11. dxe5 Nd7 12. b3 c5 13. bxc4 b4 14. f4 Qc7 15.
Nd2 Nb6 16. Bb2 a5 17. Ne4 Ba6 18. Rac1 Rbd8 19. Rf1 Kh8 20. g4 Qd7 21. Rfd1
Qa4 22. Nd6 Bxd6 23. exd6 Kg8 24. Ba1 Bxc4 25. Qb2 f6 26. Rd2 Qb5 27. e4 Bd3
28. a4 Nxa4 29. Qa2 c4 30. e5 b3 31. Qa3 Qc5+ 32. Qxc5 Nxc5 33. Bd4 Nd7 34. f5
Nxe5 35. fxe6 Rxd6 36. Bc5 Rxe6 37. Bd5 Rfe8 38. Ra1 c3 39. Bxe6+ Rxe6 40. Rxa5
cxd2 41. Ra8+ Kf7 0-1

[Event "2. Bundesliga West 2012/13"]
[Site "Rum"]
[Date "2012.12.02"]
[Round "6"]
[Board "2"]
[White "Geske, Julian"]
[Black "Gatterer, Florian"]
[Result "1/2-1/2"]
[WhiteElo "2391"]
[BlackElo "2267"]
[PlyCount "60"]
[EventDate "2012.10.05"]
[EventType "team"]
[EventRounds "11"]
[EventCountry "AUT"]
[WhiteTeam "SIR Bernhard"]
[BlackTeam "Rochade Rum"]

1. e4 c6 2. d4 d5 3. Nc3 a6 4. h3 b5 5. a3 dxe4 6. Nxe4 Nf6 7. Nxf6+ exf6 8. c3
Bd6 9. Bd3 O-O 10. Qc2 Re8+ 11. Ne2 g6 12. O-O Qc7 13. a4 Bb7 14. b3 Nd7 15. c4
bxc4 16. bxc4 c5 17. d5 a5 18. Rb1 Ba6 19. Nc3 Rab8 20. Nb5 Bxb5 21. Rxb5 Rxb5
22. axb5 Ra8 23. Bd2 Bf4 24. Ra1 Bxd2 25. Qxd2 Kg7 26. Be2 Qe5 27. Ra2 a4 28.
Bf1 Qd6 29. Qe3 Qe5 30. Qd2 Qd6 1/2-1/2

[Event "2. Bundesliga West 2012/13"]
[Site "Rum"]
[Date "2012.12.02"]
[Round "6"]
[Board "3"]
[White "Hengl, Christian"]
[Black "Drabke, Lorenz"]
[Result "1/2-1/2"]
[WhiteElo "2231"]
[BlackElo "2411"]
[PlyCount "171"]
[EventDate "2012.10.05"]
[EventType "team"]
[EventRounds "11"]
[EventCountry "AUT"]
[WhiteTeam "Rochade Rum"]
[BlackTeam "SIR Bernhard"]

1. e4 c5 2. Nf3 e6 3. d4 cxd4 4. Nxd4 a6 5. Bd3 Bc5 6. Nb3 Be7 7. O-O d6 8. c4
b6 9. Nc3 Nf6 10. Qe2 Bb7 11. Be3 O-O 12. Rfd1 Qc7 13. Rac1 Nbd7 14. f3 Rfe8
15. Kh1 Rac8 16. Nd4 Ne5 17. b3 Qb8 18. Bb1 Bd8 19. Qf2 Bc7 20. Nde2 Bc6 21. h3
b5 22. c5 dxc5 23. Bxc5 Ned7 24. Be3 Red8 25. Nd4 Ba8 26. Nce2 Ne5 27. Nf4 Rd7
28. Nd3 Nxd3 29. Rxd3 Rcd8 30. Rcd1 Nh5 31. Ne2 Rxd3 32. Rxd3 Rxd3 33. Bxd3 Qd8
34. Bc2 Qd6 35. Kg1 Nf6 36. Bf4 e5 37. Be3 Nd7 38. Ng3 g6 39. Qd2 Qc6 40. Ne2
Nf8 41. Qc3 Ne6 42. Qxc6 Bxc6 43. Kf2 Kf8 44. g3 Ke7 45. f4 Bd6 46. fxe5 Bxe5
47. Bf4 Nxf4 48. gxf4 Bb2 49. Ke3 Kd6 50. b4 Ba3 51. Bb3 f6 52. Nd4 Bd7 53. Bg8
h6 54. Bh7 Be8 55. Nc2 Bc1+ 56. Kf3 Bf7 57. Nd4 Bd2 58. a3 Bc1 59. Nc2 Ke7 60.
h4 Bb3 61. Nd4 Bd1+ 62. Kg3 Kf7 63. f5 g5 64. Bg6+ Ke7 65. hxg5 hxg5 66. Nc6+
Kf8 67. e5 fxe5 68. f6 Bxa3 69. Nxe5 Bxb4 70. Nf7 Be1+ 71. Kg2 Bc3 72. Nxg5
Bxf6 73. Ne6+ Ke7 74. Nc7 Be5 75. Nxa6 Bd6 76. Bd3 Ba4 77. Kf3 Kd7 78. Be4 Ke6
79. Ke3 Ke5 80. Bf3 Bb3 81. Kd3 Be6 82. Kc3 Bc8 83. Nb4 Kf4 84. Bc6 Be5+ 85.
Kb3 Be6+ 86. Bd5 1/2-1/2

[Event "2. Bundesliga West 2012/13"]
[Site "Rum"]
[Date "2012.12.02"]
[Round "6"]
[Board "5"]
[White "Jedinger, Andreas"]
[Black "Schramm, Christian"]
[Result "0-1"]
[WhiteElo "2174"]
[BlackElo "2391"]
[PlyCount "40"]
[EventDate "2012.10.05"]
[EventType "team"]
[EventRounds "11"]
[EventCountry "AUT"]
[WhiteTeam "Rochade Rum"]
[BlackTeam "SIR Bernhard"]

1. d4 c5 2. d5 g6 3. e4 Bg7 4. c4 d6 5. Nc3 Nf6 6. f4 O-O 7. Nf3 e6 8. dxe6
Bxe6 9. Bd3 Nc6 10. O-O a6 11. f5 Bd7 12. Bg5 h6 13. Bf4 Qe7 14. Qd2 g5 15.
Nxg5 hxg5 16. Bxg5 Ne5 17. Nd5 Qd8 18. Qe3 Nxd5 19. Qg3 Nf6 20. Be2 Nxe4 0-1

[Event "2. Bundesliga West 2012/13"]
[Site "Rum"]
[Date "2012.12.02"]
[Round "6"]
[Board "6"]
[White "Pitl, Gregory"]
[Black "Moroder, Stefan"]
[Result "1-0"]
[WhiteElo "2401"]
[BlackElo "2112"]
[PlyCount "71"]
[EventDate "2012.10.05"]
[EventType "team"]
[EventRounds "11"]
[EventCountry "AUT"]
[WhiteTeam "SIR Bernhard"]
[BlackTeam "Rochade Rum"]

1. e4 c5 2. Nf3 d6 3. d4 cxd4 4. Nxd4 Nf6 5. Nc3 a6 6. Bc4 e6 7. Bb3 b5 8. Qf3
Bb7 9. Bg5 Nbd7 10. O-O-O b4 11. Na4 Bxe4 12. Qe3 e5 13. f3 Be7 14. fxe4 exd4
15. Qxd4 O-O 16. Rhf1 Qa5 17. Rf5 Ne5 18. Nb6 Rad8 19. Bxf6 Bxf6 20. Nd5 Qc5
21. Nxf6+ gxf6 22. Rxf6 Kg7 23. Rxd6 Qxd6 24. Qxd6 Rxd6 25. Rxd6 Ra8 26. Bd5
Ra7 27. h3 a5 28. Rb6 h5 29. Kd2 h4 30. c4 bxc3+ 31. bxc3 f6 32. Ke3 Kg6 33. c4
Rc7 34. Kd4 Kg5 35. c5 Ng6 36. c6 1-0

[Event "2. Bundesliga West 2012/13"]
[Site "Rum"]
[Date "2012.12.02"]
[Round "6"]
[Board "1"]
[White "Bayer, Bernhard"]
[Black "Schmidt, Georg"]
[Result "1-0"]
[WhiteElo "2449"]
[BlackElo "2347"]
[PlyCount "95"]
[EventDate "2012.10.05"]
[EventType "team"]
[EventRounds "11"]
[EventCountry "AUT"]
[WhiteTeam "Schwaz"]
[BlackTeam "Mozart-Wals-Treuhand"]

1. Nf3 Nf6 2. g3 d5 3. Bg2 c5 4. O-O Nc6 5. d4 cxd4 6. Nxd4 Qb6 7. Nxc6 bxc6 8.
c4 e6 9. Nc3 Bb7 10. cxd5 cxd5 11. Be3 Qa5 12. Qd2 Bb4 13. Bd4 O-O 14. a3 Be7
15. b4 Qd8 16. Rfc1 Qd7 17. e3 Rfc8 18. Qd1 Qd8 19. Na4 Bc6 20. Bf1 Qe8 21. Nc5
a5 22. Na6 Bd8 23. bxa5 Bxa5 24. Bxf6 gxf6 25. Qg4+ Kh8 26. Nb4 Bb7 27. Qh4 Bd8
28. Rxc8 Bxc8 29. Bd3 f5 30. Qd4+ Kg8 31. h4 Be7 32. Nc2 Bf8 33. Rb1 Ba6 34.
Bxa6 Rxa6 35. Qf4 Ra4 36. Nd4 Ra8 37. Rb7 Bg7 38. Nb5 Qf8 39. Nd6 Bh6 40. Qb4
Bg7 41. Rxf7 Qd8 42. Qb7 Be5 43. Rxh7 Qf8 44. Rh5 Bg7 45. Rg5 Qd8 46. h5 Qf6
47. Rg6 Qa1+ 48. Kg2 1-0

[Event "2. Bundesliga West 2012/13"]
[Site "Rum"]
[Date "2012.12.02"]
[Round "6"]
[Board "2"]
[White "Panteleev, Petar"]
[Black "Deglmann, Ludwig"]
[Result "1/2-1/2"]
[WhiteElo "2306"]
[BlackElo "2323"]
[PlyCount "30"]
[EventDate "2012.10.05"]
[EventType "team"]
[EventRounds "11"]
[EventCountry "AUT"]
[WhiteTeam "Mozart-Wals-Treuhand"]
[BlackTeam "Schwaz"]

1. d4 f5 2. c4 Nf6 3. Nf3 g6 4. g3 Bg7 5. Bg2 O-O 6. O-O d6 7. d5 a5 8. Nc3 Na6
9. Nd4 Nc5 10. Nb3 Nce4 11. Nxe4 Nxe4 12. Nd2 Nc5 13. Nb3 Ne4 14. Nd2 Nc5 15.
Nb3 Ne4 1/2-1/2

[Event "2. Bundesliga West 2012/13"]
[Site "Rum"]
[Date "2012.12.02"]
[Round "6"]
[Board "4"]
[White "Peterwagner, Heinz"]
[Black "Blaas, Hansjoerg"]
[Result "0-1"]
[WhiteElo "2129"]
[BlackElo "2259"]
[PlyCount "80"]
[EventDate "2012.10.05"]
[EventType "team"]
[EventRounds "11"]
[EventCountry "AUT"]
[WhiteTeam "Mozart-Wals-Treuhand"]
[BlackTeam "Schwaz"]

1. e4 c5 2. g3 Nc6 3. Bg2 g6 4. Ne2 Bg7 5. O-O d6 6. d3 Nf6 7. Nbc3 O-O 8. h3
a6 9. Be3 Qc7 10. Qd2 b5 11. Bh6 Be6 12. Bxg7 Kxg7 13. f4 b4 14. Nd1 Rad8 15.
g4 Ng8 16. Ne3 f6 17. Rf2 Bf7 18. Raf1 e6 19. f5 exf5 20. gxf5 g5 21. h4 h6 22.
hxg5 hxg5 23. Ng4 Ne5 24. Nxe5 dxe5 25. Ng3 c4 26. Qe3 Rd6 27. Bf3 Rfd8 28. Be2
cxd3 29. Bxd3 Bxa2 30. Nh5+ Kf8 31. Rg2 Bf7 32. Ng3 Bc4 33. Bxc4 Qxc4 34. Kh2
R8d7 35. Rgf2 Qd4 36. Qb3 Nh6 37. Qf3 g4 38. Qb3 Nf7 39. Kg2 Ng5 40. Rh1 Nh3
0-1

[Event "2. Bundesliga West 2012/13"]
[Site "Rum"]
[Date "2012.12.02"]
[Round "6"]
[Board "5"]
[White "Riedl, Johannes"]
[Black "Hamberger, Hermann"]
[Result "1-0"]
[WhiteElo "2149"]
[BlackElo "2114"]
[PlyCount "53"]
[EventDate "2012.10.05"]
[EventType "team"]
[EventRounds "11"]
[EventCountry "AUT"]
[WhiteTeam "Schwaz"]
[BlackTeam "Mozart-Wals-Treuhand"]

1. d4 Nf6 2. Nc3 c5 3. Bg5 cxd4 4. Qxd4 Nc6 5. Qd2 e6 6. e3 Bb4 7. Bd3 h6 8.
Bxf6 Qxf6 9. Nge2 d5 10. a3 Bd6 11. e4 O-O 12. O-O Rd8 13. f4 dxe4 14. Nxe4 Qe7
15. N2g3 Bc7 16. Rad1 Qh4 17. Ne2 f5 18. N4g3 Qf6 19. Qc3 Qxc3 20. Nxc3 g6 21.
h4 Kf7 22. h5 g5 23. Bc4 Kf6 24. fxg5+ Kxg5 25. Bxe6 Bb6+ 26. Kh2 f4 27. Nce4+
1-0

[Event "2. Bundesliga West 2012/13"]
[Site "Rum"]
[Date "2012.12.02"]
[Round "6"]
[Board "2"]
[White "Dovzik, Juri"]
[Black "Maiwald, Jens-Uwe"]
[Result "1/2-1/2"]
[WhiteElo "2346"]
[BlackElo "2462"]
[PlyCount "29"]
[EventDate "2012.10.05"]
[EventType "team"]
[EventRounds "11"]
[EventCountry "AUT"]
[WhiteTeam "ATSV Ranshofen"]
[BlackTeam "Zillertal"]

1. e4 g6 2. d4 Bg7 3. Nc3 d6 4. f4 Nf6 5. Nf3 c5 6. dxc5 Qa5 7. Qd4 Nc6 8. Bb5
Bd7 9. Qa4 Qxa4 10. Bxa4 Nb4 11. Bb3 Be6 12. Ba4+ Bd7 13. Bb3 Be6 14. Ba4+ Bd7
15. Bb3 1/2-1/2

[Event "2. Bundesliga West 2012/13"]
[Site "Rum"]
[Date "2012.12.02"]
[Round "6"]
[Board "3"]
[White "Hausner, Ivan"]
[Black "Ager, Josef"]
[Result "1/2-1/2"]
[WhiteElo "2408"]
[BlackElo "2170"]
[PlyCount "58"]
[EventDate "2012.10.05"]
[EventType "team"]
[EventRounds "11"]
[EventCountry "AUT"]
[WhiteTeam "Zillertal"]
[BlackTeam "ATSV Ranshofen"]

1. d4 Nf6 2. c4 g6 3. Nc3 Bg7 4. e4 d6 5. f4 O-O 6. Nf3 Na6 7. e5 Nd7 8. Be2 c5
9. exd6 exd6 10. d5 Nf6 11. O-O Re8 12. Bd3 Nc7 13. a4 Rb8 14. f5 Ng4 15. fxg6
hxg6 16. Bg5 f6 17. Bd2 f5 18. Bg5 Bf6 19. Bxf6 Qxf6 20. Qd2 Bd7 21. h3 Ne5 22.
Nxe5 Qxe5 23. Rae1 Qd4+ 24. Kh1 Rxe1 25. Rxe1 Re8 26. Re2 Kg7 27. Qg5 Qf6 28.
Qd2 Qd4 29. Qg5 Qf6 1/2-1/2

[Event "2. Bundesliga West 2012/13"]
[Site "Rum"]
[Date "2012.12.02"]
[Round "6"]
[Board "4"]
[White "Heiduczek, Josef"]
[Black "Platzgummer, Fabian"]
[Result "0-1"]
[WhiteElo "2214"]
[BlackElo "2311"]
[PlyCount "83"]
[EventDate "2012.10.05"]
[EventType "team"]
[EventRounds "11"]
[EventCountry "AUT"]
[WhiteTeam "ATSV Ranshofen"]
[BlackTeam "Zillertal"]

1. e4 c5 2. Nf3 b6 3. d4 cxd4 4. Nxd4 Bb7 5. Nc3 a6 6. Be2 d6 7. f4 g6 8. Bf3
Bg7 9. Be3 Nd7 10. O-O Qc8 11. g4 e5 12. Nde2 exf4 13. Nxf4 Be5 14. Nfd5 Ne7
15. Nxb6 Nxb6 16. Bxb6 Qc4 17. Be3 O-O 18. Qd3 Rfc8 19. Bd2 a5 20. Bg2 Rab8 21.
Qf3 Qe6 22. g5 Rf8 23. Qd3 Qg4 24. Nd1 Nf5 25. Nf2 Qh5 26. Qh3 Nh4 27. Bh1 Bc8
28. Qd3 Nf3+ 29. Kg2 Nxd2 30. Qxd2 Qxh2+ 31. Kf3 f6 32. Qd5+ Kg7 33. Qxa5 fxg5+
34. Ke3 Bf4+ 35. Kd4 Be6 36. Nd3 Rbc8 37. b3 Rxc2 38. Nxf4 gxf4 39. Rad1 Rfc8
40. Qb4 Bf7 41. a4 Ra2 42. Qb6 0-1

[Event "2. Bundesliga West 2012/13"]
[Site "Rum"]
[Date "2012.12.02"]
[Round "6"]
[Board "5"]
[White "Tabernig, Bernhard"]
[Black "Knechtel, Roland"]
[Result "1-0"]
[WhiteElo "2327"]
[BlackElo "2217"]
[PlyCount "115"]
[EventDate "2012.10.05"]
[EventType "team"]
[EventRounds "11"]
[EventCountry "AUT"]
[WhiteTeam "Zillertal"]
[BlackTeam "ATSV Ranshofen"]

1. d4 g6 2. Nf3 Bg7 3. c4 d6 4. e4 e5 5. Bg5 f6 6. Be3 Nh6 7. dxe5 dxe5 8.
Qxd8+ Kxd8 9. h3 Be6 10. Nc3 c6 11. Be2 Nd7 12. O-O Nf7 13. Rfd1 Kc7 14. Nd5+
Bxd5 15. cxd5 Nd6 16. dxc6 bxc6 17. Nd2 Rhb8 18. b3 a5 19. Rac1 f5 20. f3 Nb5
21. Bxb5 Rxb5 22. Rc4 Bf8 23. Rdc1 Ra6 24. a4 Rb4 25. R4c3 Rb8 26. Kh2 Bb4 27.
Rd3 Re8 28. Nc4 fxe4 29. fxe4 c5 30. Rcd1 Re7 31. Bg5 Rg7 32. Nd6 Rxd6 33. Rxd6
c4 34. Rxd7+ Rxd7 35. Rxd7+ Kxd7 36. bxc4 Kc6 37. Be3 Bc5 38. Bc1 Bd4 39. Bd2
Kc5 40. Bxa5 Kxc4 41. Bc7 Kb4 42. a5 Kb5 43. Kg3 Kc6 44. Bd8 Kd7 45. Bf6 Kc6
46. Kg4 Kb5 47. h4 Kxa5 48. h5 gxh5+ 49. Kf5 Kb5 50. Bxe5 Bc5 51. Bf6 Kc4 52.
e5 Kd4 53. e6+ Ke3 54. Bh4 Bd6 55. Kf6 Kf4 56. e7 Bxe7+ 57. Kxe7 Kg4 58. g3 1-0

[Event "2. Bundesliga West 2012/13"]
[Site "Rum"]
[Date "2012.12.02"]
[Round "6"]
[Board "6"]
[White "Kuecher, Wolfgang"]
[Black "Kroell, Johannes"]
[Result "1-0"]
[WhiteElo "2075"]
[BlackElo "2205"]
[PlyCount "75"]
[EventDate "2012.10.05"]
[EventType "team"]
[EventRounds "11"]
[EventCountry "AUT"]
[WhiteTeam "ATSV Ranshofen"]
[BlackTeam "Zillertal"]

1. d4 g6 2. Nf3 Bg7 3. g3 d6 4. Bg2 Nd7 5. O-O e6 6. c4 Ne7 7. Nc3 O-O 8. Qc2
a6 9. b3 h6 10. Ba3 f5 11. Rad1 g5 12. e4 Qe8 13. exf5 Nxf5 14. g4 Ne7 15. Rfe1
Nf6 16. h3 Qg6 17. Qd2 Ne8 18. c5 Bd7 19. cxd6 cxd6 20. Ne5 dxe5 21. dxe5 Nd5
22. Nxd5 exd5 23. Bxf8 Bxf8 24. Qxd5+ Be6 25. Qxb7 Rc8 26. Qxa6 Nc7 27. Qb7 Ba3
28. Be4 Qf7 29. Re3 Bc5 30. Rf3 Qe7 31. Rf6 Rd8 32. Rxd8+ Qxd8 33. Qc6 Qe7 34.
Rxe6 Nxe6 35. Bd5 Kf7 36. Bxe6+ Qxe6 37. Qxc5 Qa6 38. Qc4+ 1-0

[Event "2. Bundesliga West 2012/13"]
[Site "Rum"]
[Date "2012.12.02"]
[Round "6"]
[Board "1"]
[White "Koepke, Christian"]
[Black "Krassowizkij, Jaroslaw"]
[Result "1-0"]
[WhiteElo "2364"]
[BlackElo "2404"]
[PlyCount "67"]
[EventDate "2012.10.05"]
[EventType "team"]
[EventRounds "11"]
[EventCountry "AUT"]
[WhiteTeam "Kufstein / Woergl"]
[BlackTeam "Goetzis"]

1. e4 c5 2. c3 d6 3. d4 Nf6 4. Bd3 g6 5. Nf3 Bg7 6. O-O O-O 7. h3 cxd4 8. cxd4
d5 9. e5 Ne4 10. Nc3 Nxc3 11. bxc3 Nc6 12. Re1 Qc7 13. Bf4 Na5 14. Rc1 Nc4 15.
Qe2 b5 16. Nd2 Nxd2 17. Qxd2 Qb6 18. Rb1 a6 19. h4 Bd7 20. Re3 Rfc8 21. h5 Rc6
22. hxg6 hxg6 23. a4 Rac8 24. axb5 Rxc3 25. Bf1 Rxe3 26. Bxe3 Bxb5 27. Qb4 e6
28. Bg5 Bf8 29. Qd2 Qc6 30. Bxb5 axb5 31. Rb3 b4 32. Rh3 Qc2 33. Qf4 Qe4 34.
Qf6 1-0

[Event "2. Bundesliga West 2012/13"]
[Site "Rum"]
[Date "2012.12.02"]
[Round "6"]
[Board "2"]
[White "Eisenbeiser, Amadeus"]
[Black "Bertagnolli, Alexander"]
[Result "0-1"]
[WhiteElo "2384"]
[BlackElo "2352"]
[PlyCount "50"]
[EventDate "2012.10.05"]
[EventType "team"]
[EventRounds "11"]
[EventCountry "AUT"]
[WhiteTeam "Goetzis"]
[BlackTeam "Kufstein / Woergl"]

1. e4 Nc6 2. Nf3 d5 3. exd5 Qxd5 4. Nc3 Qd6 5. d3 Bg4 6. Be2 e5 7. h3 Bh5 8.
Ne4 Qd5 9. Ng3 Bg6 10. Nh4 Nd4 11. O-O Be7 12. Nxg6 hxg6 13. Re1 O-O-O 14. Bf1
f5 15. c3 Ne6 16. Qb3 Qd6 17. d4 e4 18. Bc4 Ng5 19. Ne2 Qf6 20. Nf4 Bd6 21. Kf1
Ne7 22. a4 Nf3 23. gxf3 Qh4 24. Ne6 exf3 25. Ng5 Qxh3+ 0-1

[Event "2. Bundesliga West 2012/13"]
[Site "Rum"]
[Date "2012.12.02"]
[Round "6"]
[Board "3"]
[White "Maurer, Jochen"]
[Black "Mittelberger, Peter"]
[Result "1/2-1/2"]
[WhiteElo "2286"]
[BlackElo "2217"]
[PlyCount "87"]
[EventDate "2012.10.05"]
[EventType "team"]
[EventRounds "11"]
[EventCountry "AUT"]
[WhiteTeam "Kufstein / Woergl"]
[BlackTeam "Goetzis"]

1. e4 d6 2. d4 Nf6 3. Nc3 g6 4. f4 Bg7 5. Nf3 O-O 6. e5 dxe5 7. dxe5 Qxd1+ 8.
Nxd1 Nd5 9. Bd2 c5 10. Nc3 Nxc3 11. Bxc3 Rd8 12. Bd3 Bf5 13. Bxf5 gxf5 14. Ke2
Nc6 15. Rhd1 e6 16. Rxd8+ Rxd8 17. Rd1 Rxd1 18. Kxd1 Bh6 19. g3 Bf8 20. a4 Be7
21. Ke2 Nb4 22. Bxb4 cxb4 23. Kd3 Kf8 24. Kc4 Ke8 25. Ne1 Kd7 26. Nd3 Bd8 27.
Kxb4 Bb6 28. Kc4 Bg1 29. h3 h5 30. Nc1 Bf2 31. Ne2 Kc6 32. b4 a6 33. Nd4+ Kc7
34. Ne2 Kc6 35. a5 b5+ 36. axb6 Kxb6 37. Kb3 a5 38. bxa5+ Kxa5 39. Kc4 Kb6 40.
c3 Be1 41. Kd4 Bf2+ 42. Kc4 Be1 43. Kd3 Bf2 44. Kc4 1/2-1/2